000 00413nab a2200145Ia 4500
003 ES-SlBCS
005 20210601143242.0
008 140529s2006 xxu||||| |||| 00| 0 spa d
041 _aspa
100 1 _aKemmer, Susanne
_9283406
245 0 0 _aAcupuntura
_c Susanne Kemmer
650 0 4 _aAcupuntura
_9261977
773 0 _tMente y Cerebro (Investigación Ciencia)
_gnº. 16, 2006, págs. 50-54
_wRev1286
942 _cAR
999 _c689496
_d689496